Instrumentation and monitoring methods for radiation protection : recommendations of the National Council on Radiation Protection and Measurements.

Bibliographic Details
Corporate Author: National Council on Radiation Protection and Measurements
Format: Book
Language:English
Published: Washington : NCRP, 1978.
Series:NCRP report ; no. 57.
Subjects:

MARC

Tag First Indicator Second Indicator Subfields
LEADER 00000cam a2200000 i 4500
001 in00000660421
005 20151015095728.0
008 790627s1978 dcu b 00100 eng
010 |a  78062094  
020 |a 0913392405 
035 |a (OCoLC)04804180 
035 |9 ACZ0542AM 
040 |a DLC  |c DLC  |d UMK  |d TXA  |d UtOrBLW 
049 |a TXAM  |c [978578] 
050 0 0 |a QC795.32.R3  |b N37 1978 
082 0 |a 614.8/39 
096 |a WN 650 N277i 1978 
110 2 |a National Council on Radiation Protection and Measurements. 
245 1 0 |a Instrumentation and monitoring methods for radiation protection :  |b recommendations of the National Council on Radiation Protection and Measurements. 
264 1 |a Washington :  |b NCRP,  |c 1978. 
300 |a v, 177 pages ;  |c 23 cm. 
336 |a text  |b txt  |2 rdacontent 
337 |a unmediated  |b n  |2 rdamedia 
338 |a volume  |b nc  |2 rdacarrier 
490 1 |a NCRP report ; no. 57 
500 |a Includes index. 
500 |a Library copy identical to one formerly in the Hazard Reduction and Recovery Center (HRRC) Library. 
504 |a Bibliography: pages 142-156. 
650 0 |a Radiation  |x Measurement. 
650 0 |a Radiation  |x Instruments. 
650 0 |a Radiation dosimetry. 
650 2 |a Radiation Monitoring. 
650 2 |a Radiation Protection  |x instrumentation. 
830 0 |a NCRP report ;  |v no. 57. 
999 |a MARS 
999 f f |s c6092240-83b0-317b-a6f6-ab9cf19c6aff  |i 63753800-d0d0-3e5a-89f7-8fd43c9fe192  |t 0 
952 f f |p ric  |a Texas A&M University  |b Rellis Campus  |c Joint Library Facility  |s JLF  |d Remote Storage  |t 0  |e QC795.32.R3 N37 1978  |h Library of Congress classification  |i unmediated -- volume  |m A14804654785 
998 f f |a QC795.32.R3 N37 1978  |t 0  |l Remote Storage